[Event "9th Asian Women"]
[Site "Chennai IND"]
[Date "2001.09.06"]
[Round "6"]
[White "Sergeeva,M"]
[Black "Aarthie,R"]
[Result "1/2-1/2"]
[WhiteElo "2327"]
[BlackElo "2249"]

1.e4 c5 2.Nf3 Nc6 3.d4 cxd4 4.Nxd4 Nf6 5.Nc3 d6 6.Bg5 e6 7.Qd3 Be7 8.Rd1 a6
9.Be2 Qa5 10.f4 h6 11.Bh4 Bd7 12.Nb3 Qc7 13.O-O b5 14.a3 Rd8 15.Kh1 Bc8 16.Qg3 O-O
17.Nd4 Bb7 18.Nf5 exf5 19.Bxf6 Bxf6 20.Nd5 Qc8 21.Nxf6+ Kh8 22.Nh5 Rg8 23.exf5 Qxf5
24.Rd3 Qg6 25.Qh4 f5 26.Rg3 Qf7 27.Bd3 Rdf8 28.Re1 Kh7 29.Rh3 Re8 30.Rf1 Ne7
31.Qf2 Rgf8 32.Ng3 g6 33.Ne2 Ng8 34.Nd4 Qd5 35.c3 Nf6 36.Be2 Qf7 37.Nf3 Bxf3
38.Bxf3 Ne4 39.Qh4 Qg7 40.Rd1 Rf6 41.Bxe4 Rxe4 42.Rf1 Rfe6 43.Rhf3 Re2  1/2-1/2

[Event "EYCC B14"]
[Site "Halkidiki GRE"]
[Date "2001.09.06"]
[Round "6"]
[White "Adamski,M"]
[Black "Czarnota,P"]
[Result "1-0"]
[WhiteElo "2158"]
[BlackElo "2068"]

1.e4 c5 2.Nf3 Nc6 3.d4 cxd4 4.Nxd4 Nf6 5.Nc3 d6 6.Bg5 e6 7.Qd2 a6 8.O-O-O Bd7
9.f4 b5 10.Bxf6 gxf6 11.Nxc6 Bxc6 12.Qe1 Be7 13.Bd3 b4 14.Ne2 Qb6 15.Kb1 a5
16.f5 e5 17.Ng3 h5 18.Bc4 Qc5 19.Bd5 Bf8 20.Bxc6+ Qxc6 21.h4 Ke7 22.Rd3 Rc8
23.Qe2 a4 24.Rhd1 Kd7 25.Qd2 Rb8 26.Nf1 Rb6 27.Qe2 Qb7 28.Ng3 Be7 29.Nxh5 Rc6
30.g4 Rhc8 31.R3d2 b3 32.cxb3 axb3 33.a3 Qc7 34.Qb5 Kd8 35.Qxb3 Rc4 36.Ka2 Rb8
37.Qe3 Qb7 38.Re2 Rc5 39.Rd3 Qb5 40.Qd2 Rbc8 41.Rb3 Qa6 42.Qd3 Qa7 43.Nxf6  1-0

[Event "EYCC B18"]
[Site "Halkidiki GRE"]
[Date "2001.09.07"]
[Round "7"]
[White "Mastrovasilis,D"]
[Black "Lupulescu,C"]
[Result "0-1"]
[WhiteElo "2435"]
[BlackElo "2465"]

1.e4 c5 2.Nf3 d6 3.d4 cxd4 4.Nxd4 Nf6 5.Nc3 Nc6 6.Bg5 e6 7.Qd2 a6 8.O-O-O Bd7
9.f4 b5 10.Bxf6 gxf6 11.Kb1 b4 12.Nce2 Qb6 13.f5 Nxd4 14.Nxd4 e5 15.Ne2 h5
16.h4 Ke7 17.Ng3 Bh6 18.Qd5 Be3 19.Bc4 Raf8 20.Qd3 a5 21.Rh3 Bf2 22.Qe2 Rc8
23.b3 a4 24.Nxh5 axb3 25.cxb3 Rxc4 26.bxc4 Ba4 27.g4 b3 28.a3 Ra8 29.g5 Bc6
30.Nxf6 Rxa3 31.Qb2 Qb4 32.Rhd3 Bd4 33.Rxd4 exd4 34.Nd5+ Bxd5 35.exd5 Qxc4
36.Re1+ Kf8 37.Qe2 Qc8 38.Qe7+ Kg7 39.f6+ Kg6 40.Qe4+ Qf5 41.h5+ Kxg5 42.Qxf5+ Kxf5
43.Rh1 Ra8 44.Kb2 Rb8 45.Rf1+ Kg5 46.h6 Kxh6 47.Rg1 Rb5 48.Rg2 d3 49.Rd2 Rxd5
50.Kxb3 Kg6 51.Kc4 Rc5+ 52.Kd4 Kxf6 53.Rxd3 Ke6 54.Rh3 Rd5+ 55.Ke3 Ra5 56.Rh8 Ra3+
57.Kf4 Ra4+ 58.Kf3 Ke5 59.Re8+ Kf5 60.Ke3 Ra3+ 61.Kd4 Kf4 62.Rd8 Ra1 63.Kd3 f5
64.Ke2 Ra2+ 65.Kd3 Kg3 66.Rxd6 f4 67.Rg6+ Kf2 68.Rb6 Re2  0-1

[Event "EYCC B18"]
[Site "Halkidiki GRE"]
[Date "2001.09.07"]
[Round "7"]
[White "Stojanovski,D"]
[Black "Zawadzki,S"]
[Result "1/2-1/2"]
[WhiteElo "2417"]
[BlackElo "2311"]

1.e4 c5 2.Nf3 d6 3.d4 cxd4 4.Nxd4 Nf6 5.Nc3 Nc6 6.Bg5 e6 7.Bb5 Bd7 8.Bxc6 Bxc6
9.Nxc6 bxc6 10.Qf3 e5 11.Bxf6 Qxf6 12.Qxf6 gxf6 13.O-O-O Kd7 14.Ne2 Ke6 15.Ng3 Rg8
16.c4 Rd8 17.Rd3 d5 18.Rhd1 d4 19.Kc2 Rb8 20.Rg1 Rb4 21.b3 Rg4 22.h3 Rf4
23.f3 Rb8 24.Nh5 Rh4 25.Ng3 Rf4 26.Nh5 Rh4  1/2-1/2

[Event "ch-UKR"]
[Site "Ordzhonikidze UKR"]
[Date "2001.09.09"]
[Round "2"]
[White "Mikhaletz,L"]
[Black "Miroshnichenko,E"]
[Result "1-0"]
[WhiteElo "2485"]
[BlackElo "2539"]

1.e4 c5 2.Nf3 d6 3.d4 Nf6 4.Nc3 cxd4 5.Nxd4 Nc6 6.Bg5 Bd7 7.f3 a6 8.Qd2 Nxd4
9.Qxd4 Qa5 10.Be3 g6 11.b4 Qd8 12.Nd5 Bg7 13.Qb2 O-O 14.Bd4 Bc6 15.Nxf6+ Bxf6
16.Bxf6 exf6 17.O-O-O Rc8 18.Qd4 Ba4 19.Bd3 Rc6 20.Kb2 Qc7 21.Rc1 Rc8 22.c3 Bb5
23.Rhd1 Bc4 24.Bxc4 Rxc4 25.Qxf6 Rc6 26.Rd5 a5 27.b5 Rc5 28.Rxd6 Rxb5+ 29.Ka1 Re8
30.Rcd1 Rbe5 31.R1d3 b5 32.Rd7 Qc4 33.Rd8 Re6 34.Qd4 Qc7 35.Qd7 Qe5 36.Kb1 Rxd8
37.Qxd8+ Re8 38.Qd6 Qg5 39.g3 Rc8 40.h4 Qh6 41.Qe7 Qf8 42.Qxf8+ Kxf8 43.Kb2 Ke7
44.a3 h5 45.Rd5 Rb8 46.Kb3 Ke6 47.g4 hxg4 48.fxg4 Kf6 49.h5 gxh5 50.gxh5 Kg7
51.Rc5 Rb7 52.a4 bxa4+ 53.Kxa4 Kh6 54.Kxa5 Re7 55.Rf5 Kg7 56.c4 Rxe4 57.c5 Kf8
58.c6 Ke7 59.Kb6 Kd8 60.h6 Rb4+ 61.Rb5 Rh4 62.Kb7  1-0

[Event "ch-UKR"]
[Site "Ordzhonikidze UKR"]
[Date "2001.09.12"]
[Round "5"]
[White "Fedorchuk,S"]
[Black "Goloshchapov,A"]
[Result "1/2-1/2"]
[WhiteElo "2490"]
[BlackElo "2550"]

1.e4 c5 2.Nf3 Nc6 3.d4 cxd4 4.Nxd4 Nf6 5.Nc3 d6 6.Bg5 e6 7.Qd2 a6 8.O-O-O h6
9.Be3 Bd7 10.f4 b5 11.Bd3 Qc7 12.Rhe1 Na5 13.Bf2 Nc4 14.Qe2 Rc8 15.Bxc4 Qxc4
16.Qxc4 Rxc4 17.e5 Ng4 18.Bg1 dxe5 19.fxe5 b4 20.Nb1 h5  1/2-1/2

[Event "TCh-CRO Women"]
[Site "Pula CRO"]
[Date "2001.09.14"]
[Round "5"]
[White "Roschina,T"]
[Black "Grosar,K"]
[Result "1-0"]
[WhiteElo "2322"]
[BlackElo "2220"]

1.e4 c5 2.Nf3 d6 3.d4 cxd4 4.Nxd4 Nf6 5.Nc3 Nc6 6.Bg5 e6 7.Qd2 a6 8.O-O-O Bd7
9.f4 b5 10.Nxc6 Bxc6 11.Qe1 Ra7 12.e5 h6 13.Bh4 g5 14.Bf2 Rd7 15.exf6 Qxf6
16.fxg5 hxg5 17.Kb1 Be7 18.Bg3 e5 19.Nd5 Bxd5 20.Rxd5 Qe6 21.Qd1 f5 22.Be2 Bf6
23.Rf1 Ke7 24.h3 Rc8 25.Rxf5 Qxf5 26.Bg4 Qe4 27.Bxd7 Kxd7 28.Rxd6+ Ke7 29.Rxf6 Kxf6
30.Qd6+ Kf7 31.Qd7+ Kg6 32.Qxc8 Qxg2 33.Qe6+ Kh5 34.Qxe5  1-0

[Event "Battle of Crete Rapid"]
[Site "Panormo GRE"]
[Date "2001.09.21"]
[Round "7"]
[White "Stisis,Y"]
[Black "Zoler,D"]
[Result "0-1"]
[WhiteElo "2391"]
[BlackElo "2507"]

1.e4 c5 2.Nf3 d6 3.d4 cxd4 4.Nxd4 Nf6 5.Nc3 Nc6 6.Bg5 e6 7.Qd2 a6 8.O-O-O h6
9.Be3 Nxd4 10.Bxd4 b5 11.f3 Qa5 12.Kb1 b4 13.Bxf6 gxf6 14.Ne2 Qc5 15.Nd4 Bd7
16.f4 a5 17.Qd3 a4 18.Nb5 Rc8 19.Be2 Rc6 20.Rc1 Rb6 21.c4 a3 22.Rhd1 axb2
23.Kxb2 Be7 24.Kb3 O-O 25.Qd4 Bc6 26.f5 Ra8 27.Qxc5 dxc5 28.Bd3 Rba6 29.Bb1 Ra5
30.Rd3 Bxb5 31.cxb5 Rxb5 32.Rd7 Kf8 33.Kb2 Rd8 34.Rxd8+ Bxd8 35.Bd3 Ra5 36.Bc4 Ke7
37.Rd1 Bc7 38.g3 Be5+ 39.Kc2 Bd4 40.Bb3 Kd6 41.Kd3 Ke5 42.Re1 Ra8 43.Kc2 Bc3
44.Re2 Kd4 45.fxe6 c4 46.exf7 cxb3+ 47.Kxb3 Ra3+ 48.Kc2 Rxa2+ 49.Kb3 Ra3+
50.Kc2 b3+  0-1

[Event "ECC"]
[Site "Panormo GRE"]
[Date "2001.09.24"]
[Round "2"]
[White "Jedryczka,K"]
[Black "Alekseev,E"]
[Result "0-1"]
[WhiteElo "2330"]
[BlackElo "2544"]

1.e4 c5 2.Nf3 d6 3.d4 cxd4 4.Nxd4 Nf6 5.Nc3 Nc6 6.Bg5 e6 7.Qd2 a6 8.O-O-O Bd7
9.Kb1 h6 10.Be3 b5 11.Nxc6 Bxc6 12.f3 Qc7 13.Ne2 Bb7 14.Nd4 e5 15.Nb3 d5
16.Na5 d4 17.Bg1 Bc8 18.Bd3 Be6 19.f4 Bd6 20.Bxd4 exd4 21.e5 Bxe5 22.fxe5 Qxe5
23.Nb3 Rd8 24.Rhe1 Qd5 25.Qb4 Qd6 26.Qxd6 Rxd6 27.Bf5 O-O 28.Bxe6 fxe6 29.Rxd4 Rfd8
30.Rxd6 Rxd6 31.c3 Kf7 32.Kc2 Rd5 33.Nd4 e5 34.Nc6 Ke6 35.Nd4+ Kf7 36.Nc6 e4
37.Nd4 Rh5 38.h3 Rg5 39.Re2 h5 40.b3 Rc5 41.Kb2 Ke7 42.b4 Rd5 43.Nb3 Ke6
44.Nc5+ Ke5 45.Nxa6 Kf4 46.Nc7 Re5 47.a4 bxa4 48.b5 e3 49.c4 a3+ 50.Kxa3 Ke4
51.b6 Kd3 52.b7 Nd7 53.Re1 e2 54.c5 Kd2 55.Rxe2+ Rxe2 56.Na6 Re6 57.Nb4 Re3+
58.Kb2 Nb8  0-1

[Event "American Continental Women"]
[Site "Merida VEN"]
[Date "2001.09.27"]
[Round "7"]
[White "Moncayo Romero,E"]
[Black "Pina,S"]
[Result "0-1"]
[WhiteElo "2220"]
[BlackElo "2289"]

1.e4 c5 2.Nf3 d6 3.d4 cxd4 4.Nxd4 Nf6 5.Nc3 Nc6 6.Bg5 a6 7.Qd2 e6 8.O-O-O Bd7
9.f4 b5 10.Nxc6 Bxc6 11.e5 dxe5 12.Qxd8+ Rxd8 13.Rxd8+ Kxd8 14.fxe5 h6 15.Bh4 g5
16.Bf2 Nd7 17.Bd4 Bg7 18.a4 b4 19.Na2 a5 20.Bb5 Bxb5 21.axb5 Bxe5 22.Rd1 Bxd4
23.Rxd4 Ke7 24.c4 Nc5 25.Kd1 Rd8 26.Rxd8 Kxd8 27.Nc1 Kd7 28.Kc2 Kd6 29.Kd2 f5
30.Ne2 Nb3+ 31.Kd3 Kc5 32.Ng3 a4 33.Ne2 e5  0-1

[Event "ECC"]
[Site "Panormo GRE"]
[Date "2001.09.27"]
[Round "5"]
[White "Jedryczka,K"]
[Black "Kozul,Z"]
[Result "1-0"]
[WhiteElo "2330"]
[BlackElo "2556"]

1.e4 c5 2.Nf3 d6 3.d4 cxd4 4.Nxd4 Nf6 5.Nc3 Nc6 6.Bg5 e6 7.Qd2 a6 8.O-O-O Bd7
9.f4 b5 10.Bxf6 gxf6 11.Kb1 Qb6 12.Nxc6 Bxc6 13.Qe1 Ra7 14.Bd3 a5 15.Qh4 Be7
16.f5 Qc5 17.Rhf1 e5 18.Be2 Rc7 19.Qf2 Qxf2 20.Rxf2 Rb7 21.Nd5 Bd8 22.Nxf6+ Bxf6
23.Rxd6 Bh4 24.g3 Bxe4 25.gxh4 Rg8 26.b3 a4 27.Kb2 Ke7 28.Ra6 f6 29.Re6+ Kf7
30.Bh5+ Kg7 31.Re2 a3+ 32.Kxa3 Bxf5 33.Rg2+ Bg6 34.Bf3 Rd7 35.Kb2 Kh8 36.h5 e4
37.Bxe4 Bxe4 38.Rxg8+ Kxg8 39.Rxe4 Kg7 40.a4 f5 41.Rf4 bxa4 42.Rxa4 Re7 43.Rf4 Kf6
44.Rf2 Re3 45.c4 Ke6 46.b4 Ke5 47.c5 f4 48.Rd2 f3 49.c6 f2 50.Rxf2 Kd6 51.Rc2 Kc7
52.b5 Re4 53.b6+ Kc8 54.Rc3 h6 55.c7 Re8 56.Kb3  1-0

[Event "ECC"]
[Site "Panormo GRE"]
[Date "2001.09.28"]
[Round "6"]
[White "Forman,S"]
[Black "Ulfarsson,M"]
[Result "1-0"]
[WhiteElo "2246"]
[BlackElo "2290"]

1.e4 c5 2.Nf3 d6 3.d4 cxd4 4.Nxd4 Nf6 5.Nc3 Nc6 6.Bg5 e6 7.Bb5 Bd7 8.Bxc6 bxc6
9.Qf3 Qb6 10.Nb3 Be7 11.e5 dxe5 12.O-O-O Rd8 13.Bxf6 Bxf6 14.Ne4 Be7 15.Nd6+ Bxd6
16.Rxd6 O-O 17.Rhd1 Bc8 18.Rxd8 Rxd8 19.Rxd8+ Qxd8 20.Qxc6 h6 21.Nc5 a5 22.a3 Kh7
23.b4 axb4 24.axb4 f5 25.b5 e4 26.b6 Qg5+ 27.Kb1 Qd8 28.Ka2 e5 29.Kb3 Qg8+
30.Kb4 Qd8 31.c3 f4 32.b7 Bf5 33.Na6 Qf8+ 34.Qc5  1-0

[Event "ECC"]
[Site "Panormo GRE"]
[Date "2001.09.28"]
[Round "6"]
[White "Efimenko,Z"]
[Black "Kozul,Z"]
[Result "1-0"]
[WhiteElo "2495"]
[BlackElo "2556"]

1.e4 c5 2.Nf3 d6 3.d4 cxd4 4.Nxd4 Nf6 5.Nc3 Nc6 6.Bg5 e6 7.Qd2 a6 8.O-O-O Bd7
9.f4 b5 10.Bxf6 gxf6 11.Kb1 Qb6 12.Nxc6 Bxc6 13.Qe1 Ra7 14.Bd3 h5 15.Qh4 Bg7
16.f5 e5 17.Be2 Ke7 18.Bxh5 Rc7 19.Qg4 Bb7 20.Qxg7 Rxh5 21.Qg3 b4 22.Nd5+ Bxd5
23.Rxd5 Qc6 24.Qd3 Qc4 25.h4 Qxd3 26.cxd3 Rh8 27.Rc1 Kd7 28.Ra5 Rxc1+ 29.Kxc1 Rxh4
30.Rxa6 Rh1+ 31.Kc2 Rh2 32.Kb3 Rxg2 33.Rb6 Rd2 34.Rxb4 Rxd3+ 35.Kc2 Rh3 36.a4 Kc6
37.a5 Kc5 38.Rb8 Rh1 39.a6 Ra1 40.b4+ Kd4 41.b5 Kxe4 42.Ra8 Ra2+ 43.Kc3 Ra3+
44.Kb4 Ra1 45.b6  1-0

[Event "ch-HUN Women"]
[Site "Budapest HUN"]
[Date "2001.09.29"]
[Round "9"]
[White "Gara,A"]
[Black "Dembo,Y"]
[Result "1/2-1/2"]
[WhiteElo "2303"]
[BlackElo "2391"]

1.e4 c5 2.Nf3 Nc6 3.d4 cxd4 4.Nxd4 Nf6 5.Nc3 d6 6.Bg5 e6 7.Qd2 Be7 8.O-O-O O-O
9.f3 Nxd4 10.Qxd4 Qa5 11.Qd2 Rd8 12.Kb1 Kf8 13.h4 a6 14.g4 b5 15.Bd3 b4 16.Ne2 e5
17.Bxf6 Bxf6 18.Bc4 Be6 19.Bd5 Rac8 20.g5 Be7 21.Ng3 Rc5 22.h5 Rdc8 23.g6 h6
24.Rh2 Bxd5 25.exd5 Qa4 26.Qd3 Ra5 27.Qb3 Qxb3 28.cxb3 fxg6 29.hxg6 Bg5 30.Ne4 Rxd5
31.Re1 Bf4 32.Rh5 Ke7 33.Rf5 Rf8 34.Rxf8 Kxf8 35.a3 Rd3 36.Kc2 Rxf3 37.Nxd6 bxa3
38.bxa3 Ke7 39.Rd1 Kf6 40.Rg1 Bg5 41.a4 Rf4  1/2-1/2

[Event "Chigorin Mem Open"]
[Site "St Petersburg RUS"]
[Date "2001.10.01"]
[Round "7"]
[White "Kokarev,D"]
[Black "Smirnov,Ar"]
[Result "1/2-1/2"]
[WhiteElo "2473"]
[BlackElo "2283"]

1.e4 c5 2.Nf3 Nc6 3.d4 cxd4 4.Nxd4 Nf6 5.Nc3 d6 6.Bg5 Bd7 7.Qd2 Rc8 8.O-O-O Nxd4
9.Qxd4 Qa5 10.f4 h6 11.Bh4 g5 12.e5 gxh4 13.exf6 e6 14.Be2 Bc6 15.Bf3 Bxf3
16.gxf3 Rg8 17.Qe4 Rxc3 18.bxc3 d5 19.Qe2 Ba3+ 20.Kd2 Bb2 21.Ke1 h3 22.Kf1 Rg2
23.Qd3 Qxc3 24.Rg1 Qxd3+ 25.cxd3 Rxh2 26.Rg8+ Kd7 27.Kg1 Rc2 28.Rf8 Bxf6
29.Rxf7+ Be7 30.f5 Ke8 31.fxe6 Re2 32.Rf5 Bd6 33.Rxd5 Rg2+ 34.Kh1 Rh2+ 35.Kg1 Rg2+
36.Kh1 Rh2+ 37.Kg1 Rg2+ 38.Kh1 Rh2+  1/2-1/2

[Event "Chigorin Mem Open"]
[Site "St Petersburg RUS"]
[Date "2001.10.01"]
[Round "7"]
[White "Melnikova,Y"]
[Black "Shvedov,S"]
[Result "0-1"]
[WhiteElo "2167"]
[BlackElo "2334"]

1.e4 c5 2.Nf3 Nc6 3.d4 cxd4 4.Nxd4 Nf6 5.Nc3 d6 6.Bg5 Bd7 7.f3 Rc8 8.Qd2 a6
9.O-O-O e6 10.h4 Be7 11.Nxc6 Bxc6 12.Bd3 h6 13.Bf4 d5 14.e5 Nd7 15.Qf2 Nc5
16.Qg3 Kf8 17.Kb1 Nxd3 18.Rxd3 Qa5 19.Bd2 Qc7 20.Ne2 b5 21.Nd4 b4 22.Qf4 Kg8
23.Rc1 Bd7 24.c3 Qc4 25.Qe3 Bb5 26.Nxb5 Qxb5 27.cxb4 Rxc1+ 28.Kxc1 Bxh4 29.Rc3 Kh7
30.Qd3+ Qxd3 31.Rxd3 Rb8 32.a3 Bf2 33.Be3 Bxe3+ 34.Rxe3 Kg6 35.Kd2 Kf5 36.g3 h5
37.b3 g5 38.Kd3 h4 39.gxh4 gxh4 40.Kd4 Kf4 41.Re1 h3 42.Kc5 h2 43.a4 Rg8
44.Rh1 Kg3 45.b5 axb5  0-1

[Event "Chigorin Mem Open"]
[Site "St Petersburg RUS"]
[Date "2001.10.03"]
[Round "9"]
[White "Voitsekhovsky,S"]
[Black "Bocharov,D"]
[Result "1/2-1/2"]
[WhiteElo "2488"]
[BlackElo "2425"]

1.e4 c5 2.Nf3 Nc6 3.d4 cxd4 4.Nxd4 Nf6 5.Nc3 d6 6.Bg5 e6 7.Qd2 Qb6 8.Nb3 a6
9.a4 Be7 10.a5 Qc7 11.Be2 O-O 12.O-O Ne5 13.Ra4 Bd7 14.Rd4 Bc6 15.f3 Rfd8
16.Rd1 Rac8 17.Qe1 h6 18.Be3 d5 19.R4d2 Qb8 20.Bb6 Re8 21.f4 Nc4 22.e5 Nd7
23.Bxc4 dxc4 24.Nd4 Nxb6 25.axb6 Bc5 26.Kh1 Bxb6 27.Nxc6 Rxc6 28.Qh4 Ba5
29.Rd7 Rc7 30.R1d4 Bxc3 31.bxc3 b5 32.Rd8 Rc8 33.R8d7 a5 34.Rxf7 Kxf7 35.Rd7+ Kf8
36.Rxg7 Kxg7 37.Qf6+ Kh7  1/2-1/2

[Event "FSIMA October"]
[Site "Budapest HUN"]
[Date "2001.10.07"]
[Round "2"]
[White "Resika,N"]
[Black "Gonda,L"]
[Result "0-1"]
[WhiteElo "2182"]
[BlackElo "2309"]

1.e4 c5 2.Nf3 d6 3.d4 cxd4 4.Nxd4 Nf6 5.Nc3 Nc6 6.Bg5 e6 7.Qd2 a6 8.O-O-O Bd7
9.f4 b5 10.Bxf6 gxf6 11.Nxc6 Bxc6 12.Bd3 Qb6 13.Kb1 Qc5 14.Rhf1 b4 15.Ne2 h5
16.g3 a5 17.Ng1 a4 18.Qf2 Qxf2 19.Rxf2 Be7 20.Nf3 Bd8 21.Rff1 Bb6 22.e5 dxe5
23.fxe5 f5 24.Be2 Ke7 25.Rd6 Rac8 26.Rfd1 Bc5 27.R6d3 Rc7 28.Ne1 h4 29.g4 Be4
30.gxf5 Bxf5 31.Rd6 Bg1 32.h3 Bh2 33.Bb5 Bxe5 34.Rd7+ Rxd7 35.Rxd7+ Kf6 36.Nf3 b3
37.Bxa4 Bxc2+ 38.Kc1 Bf5 39.Nxe5 Ra8 40.Rd2  0-1

[Event "ULIM Cup"]
[Site "Kishnev MDA"]
[Date "2001.10.07"]
[Round "1"]
[White "Khruschiov,A"]
[Black "Moshina,C"]
[Result "1-0"]
[WhiteElo "2402"]
[BlackElo "2226"]

1.e4 c5 2.Nf3 d6 3.d4 cxd4 4.Nxd4 Nf6 5.Nc3 Nc6 6.Bg5 e6 7.Qd2 a6 8.O-O-O h6
9.Be3 Nxd4 10.Bxd4 Be7 11.Kb1 b5 12.Bd3 Rb8 13.e5 dxe5 14.Bxe5 Rb7 15.Ne4 Rd7
16.Qe2 Nxe4 17.Bxe4 O-O 18.Rxd7 Bxd7 19.Rd1 Qe8 20.f4 f6 21.Bd6 Bxd6 22.Rxd6 Bc8
23.Qd2 Kh8 24.c3 Qe7 25.g3 f5 26.Bc2 e5 27.fxe5 Qxe5 28.Rxh6+ gxh6 29.Qxh6+ Kg8
30.Bb3+ Rf7 31.Qg6+ Kh8 32.a3  1-0

[Event "FSGM October"]
[Site "Budapest HUN"]
[Date "2001.10.10"]
[Round "5"]
[White "Dembo,Y"]
[Black "Jakab,A"]
[Result "0-1"]
[WhiteElo "2398"]
[BlackElo "2369"]

1.e4 c5 2.Nf3 d6 3.d4 cxd4 4.Nxd4 Nf6 5.Nc3 Nc6 6.Bg5 Bd7 7.Qd2 a6 8.O-O-O e6
9.f3 Be7 10.h4 O-O 11.g4 Rc8 12.Kb1 b5 13.Nxc6 Bxc6 14.Bd3 Qc7 15.Ne2 Rfd8
16.Nd4 Bb7 17.Be3 Bf8 18.g5 Nh5 19.Qf2 d5 20.e5 Qxe5 21.f4 Qc7 22.Be2 g6
23.Bxh5 gxh5 24.Qf3 Bg7 25.Rd2 e5 26.fxe5 Qxe5 27.Rf1 Rd7 28.Bg1 Qe4 29.Qxh5 Rdc7
30.Qd1 b4 31.Nf5 Re8 32.Nxg7 Kxg7 33.Bd4+ Kg8 34.h5 Bc8 35.g6 Bg4 36.gxf7+ Rxf7
37.Rg1 Rf4 38.b3 Kf7 39.Qc1 Bxh5 40.Rf2 Rxf2 41.Bxf2 Rc8 42.Re1 Qf5 43.Qd2 Bg6
44.Rc1 h5 45.Kb2 Qe4 46.Bd4 a5 47.c3 Kg8 48.Re1 bxc3+ 49.Bxc3 d4 50.Qxd4 Qc2+
51.Ka3 Qxc3 52.Qd5+ Kh8  0-1

[Event "Smartchess.com It"]
[Site "New York USA"]
[Date "2001.10.11"]
[Round "5"]
[White "Shahade,G"]
[Black "Perelshteyn,E"]
[Result "1-0"]
[WhiteElo "2459"]
[BlackElo "2432"]

1.e4 c5 2.Nf3 d6 3.d4 cxd4 4.Nxd4 Nf6 5.Nc3 Nc6 6.Bg5 e6 7.Qd2 a6 8.O-O-O h6
9.Be3 Be7 10.f3 Nxd4 11.Bxd4 e5 12.Be3 Be6 13.Kb1 Rc8 14.h4 Qa5 15.a3 b5
16.g4 Rb8 17.Be2 b4 18.Nd5 Bxd5 19.exd5 Qa4 20.b3 Qxa3 21.g5 Nh5 22.Rdg1 Qa5
23.f4 Nxf4 24.Bxf4 exf4 25.Qxf4 h5 26.Re1 Rb7 27.Bxh5 O-O 28.Rhf1 g6 29.Bg4 Rc7
30.Qe4 Qc5 31.h5 Kg7 32.hxg6 fxg6 33.Qxe7+  1-0

[Event "FSIMB October"]
[Site "Budapest HUN"]
[Date "2001.10.12"]
[Round "7"]
[White "Rajlich,V"]
[Black "Pataki,G"]
[Result "1/2-1/2"]
[WhiteElo "2257"]
[BlackElo "2344"]

1.e4 c5 2.Nf3 Nc6 3.d4 cxd4 4.Nxd4 Nf6 5.Nc3 d6 6.Bg5 e6 7.Qd2 Be7 8.O-O-O Nxd4
9.Qxd4 O-O 10.f4 Qa5 11.Bc4 Bd7 12.e5 dxe5 13.fxe5 Bc6 14.Bd2 Nd7 15.Nd5 Qc5
16.Nxe7+ Qxe7 17.Rhe1 Nb6 18.Bf1 Rfd8 19.Qg4 Qc5 20.Qb4 Qf2 21.Qf4 Qxf4 22.Bxf4 Rxd1+
23.Rxd1 Rc8 24.Rd4 Nd7 25.g4 Kf8 26.g5 Ke7 27.Bd3 Rd8 28.Bg3 Nc5 29.Rxd8 Kxd8
30.Be2 Nd7 31.Kd2 Be4 32.c4 g6 33.Ke3 Bg2 34.h4 Kc7 35.Kf4 Nb8 36.Bf2 b6
37.b4 Nd7 38.a3 Bc6 39.h5 Bg2 40.h6 Bc6 41.Bd4 Bb7 42.Ke3 a6 43.Bc3 Bg2 44.Kd4 Bh1
45.a4 Bc6 46.b5 axb5 47.cxb5 Bd5 48.Bb4 Kb7 49.Bd3 Bf3 50.Bc2 Bg2 51.Bd1 Bd5
52.Bc2 Bg2 53.Bd6 Bf3 54.Kc4 Bg2 55.Bd1 Be4 56.Kc3 Bg2 57.Bc2 Bf3 58.Bd1 Be4
59.Bb3 Bf3  1/2-1/2

[Event "FSIMA October"]
[Site "Budapest HUN"]
[Date "2001.10.13"]
[Round "8"]
[White "Resika,N"]
[Black "Blasko,I"]
[Result "1-0"]
[WhiteElo "2182"]
[BlackElo "2310"]

1.e4 c5 2.Nf3 d6 3.d4 cxd4 4.Nxd4 Nf6 5.Nc3 Nc6 6.Bg5 Bd7 7.Be2 Qa5 8.Bxf6 gxf6
9.O-O Rc8 10.Nf5 Qc5 11.Nd5 Nb4 12.c4 Nxd5 13.cxd5 e6 14.dxe6 fxe6 15.Bh5+ Kd8
16.Nd4 Bh6 17.Kh1 Ke7 18.f4 Rhf8 19.f5 e5 20.Ne6 Bxe6 21.fxe6 Qc4 22.Qf3 Qxe6
23.Bg4 Qf7 24.Bxc8 Rxc8 25.Qh3 Qf8 26.Rad1 Rc6 27.b4 Qg7 28.Qd3 Qg4 29.b5 Rb6
30.a4 Qd7 31.Qf3 Bg7 32.Qh5 h6 33.Qg6 Kd8 34.Rd3 a6 35.bxa6 Rxa6 36.Rg3 Bf8
37.Rxf6 Be7 38.Rf7 Rxa4 39.h3 d5 40.Qb6+ Kc8 41.Rg8+ Qd8  1-0

[Event "Lasker Autumn IM"]
[Site "Bucharest ROM"]
[Date "2001.10.18"]
[Round "6"]
[White "Hrzic,I"]
[Black "Murariu,A"]
[Result "0-1"]
[WhiteElo "2310"]
[BlackElo "2348"]

1.e4 c5 2.Nf3 Nc6 3.d4 cxd4 4.Nxd4 Nf6 5.Nc3 d6 6.Bg5 e6 7.Qd2 a6 8.O-O-O h6
9.Be3 Nxd4 10.Bxd4 b5 11.f3 Be7 12.Kb1 Bb7 13.Qf2 Qc7 14.Bd3 Rc8 15.g4 e5
16.Bb6 Qb8 17.h4 b4 18.Ne2 d5 19.Ng3 dxe4 20.fxe4 g6 21.h5 Rc6 22.hxg6 fxg6
23.g5 Ng4 24.Qf3 Bc8 25.Be3 Nxe3 26.Qxe3 Bxg5 27.Qf3 Rf8 28.Qe2 Qb6 29.Bc4 Qe3
30.Bb3 Qxe2 31.Nxe2 Ke7 32.Rd5 Rf2 33.Nc1 Bxc1 34.Kxc1 Kf6 35.Rxh6 Re2 36.Rd8 Be6
37.Ba4 Rc7 38.Rd6 Re1+ 39.Kd2 Rxe4 40.Rxa6 Kg5 41.Rh2 Bg4 42.Rd6 Rcc4 43.Bb5 Rcd4+
44.Rxd4 Rxd4+ 45.Ke3 Rd5 46.Bd3 Bf5 47.Rg2+ Kf6 48.Rf2 Ra5 49.Bc4 Rc5 50.Bd3 Ke6
51.Rf1 Bxd3 52.Kxd3 Rd5+ 53.Ke3 Ra5 54.Ra1 g5 55.Ke4 Rc5 56.Kd3 g4 57.a4 bxa3
58.Rxa3 Kf5 59.b4 Rc8 60.c4 Kf4 61.c5 e4+ 62.Kc4 g3 63.b5 g2 64.Ra1 Rh8 65.Rg1 Kf3
66.b6 Kf2 67.Rxg2+ Kxg2 68.Kd4 Kf3 69.c6 e3 70.c7 e2 71.b7 e1=Q 72.c8=Q Rd8+  0-1

[Event "TCh-CZE 2001-2"]
[Site "CZE"]
[Date "2001.10.20"]
[Round "1"]
[White "Zvara,P"]
[Black "Blehm,P"]
[Result "1-0"]
[WhiteElo "2351"]
[BlackElo "2535"]

1.e4 c5 2.Nf3 d6 3.d4 Nf6 4.Nc3 cxd4 5.Nxd4 Nc6 6.Bg5 e6 7.Qd2 a6 8.O-O-O Bd7
9.f4 b5 10.Bxf6 gxf6 11.Kb1 b4 12.Nce2 Qb6 13.f5 e5 14.Nxc6 Bxc6 15.Ng3 h5
16.h4 Qc5 17.Bd3 Bh6 18.Qe2 Qe3 19.Nxh5 Ke7 20.Qf1 Bxe4 21.Rh3 Bxd3 22.Rxd3 Qb6
23.g4 Rag8 24.Qd1 Bf8 25.Ng3 Qc6 26.Nf1 Bh6 27.g5 fxg5 28.Ne3 g4 29.Nd5+ Kf8
30.Rhg3 e4 31.Nxb4 Qb5 32.Rxd6 Qxf5 33.Nd5 Ke8 34.Rb3 Qc8 35.Nf6+ Ke7 36.Qd5 Rd8
37.Qe5+ Kf8 38.Rxd8+ Qxd8 39.Rb8  1-0

[Event "TCh-SLO"]
[Site "Bled SLO"]
[Date "2001.10.22"]
[Round "5"]
[White "Mazi,L"]
[Black "Polajzer,D"]
[Result "1/2-1/2"]
[WhiteElo "2373"]
[BlackElo "2430"]

1.e4 c5 2.Nf3 Nc6 3.d4 cxd4 4.Nxd4 Nf6 5.Nc3 d6 6.Bg5 e6 7.Qd2 Be7 8.O-O-O O-O
9.f3 a6 10.h4 Qc7 11.g4 Rd8 12.Be3 Nxd4 13.Bxd4 e5 14.Be3 d5 15.exd5 Be6
16.dxe6 Rxd2 17.exf7+ Kxf7 18.Bxd2 Rd8 19.Bd3 b5 20.Kb1 Kg8 21.h5 b4 22.Ne4 Nxe4
23.Bxe4 Qd6 24.Kc1 Qc5 25.Kb1 Qd6 26.Kc1 Qc5  1/2-1/2

[Event "WYB16"]
[Site "Oropesa del Mar ESP"]
[Date "2001.10.22"]
[Round "2"]
[White "Deepan,C"]
[Black "Alekseev,E"]
[Result "1/2-1/2"]
[WhiteElo "2297"]
[BlackElo "2548"]

1.e4 c5 2.Nf3 d6 3.d4 cxd4 4.Nxd4 Nf6 5.Nc3 Nc6 6.Bg5 e6 7.Qd2 a6 8.O-O-O Bd7
9.f3 Be7 10.Be3 h5 11.Kb1 b5 12.Nxc6 Bxc6 13.Ne2 e5 14.Nc3 Qc7 15.Bg5 b4
16.Nd5 Bxd5 17.exd5 Qb7 18.Bxf6 Bxf6 19.Bc4 a5 20.Qd3 Rb8 21.Bb3 g6 22.Ba4+ Kf8
23.Rhe1 Kg7 24.Re4 Rhc8 25.Rc4 Rxc4 26.Qxc4 Rc8 27.Bc6  1/2-1/2

[Event "TCh-SLO"]
[Site "Bled SLO"]
[Date "2001.10.24"]
[Round "7"]
[White "Mazi,L"]
[Black "Mihevc,I"]
[Result "1-0"]
[WhiteElo "2373"]
[BlackElo "2215"]

1.e4 c5 2.Nf3 Nc6 3.d4 cxd4 4.Nxd4 Nf6 5.Nc3 d6 6.Bg5 e6 7.Qd2 Be7 8.O-O-O O-O
9.f3 Qb6 10.Be3 Nxd4 11.Bxd4 Qa5 12.Kb1 b6 13.g4 Nd7 14.Rg1 Ne5 15.Qe2 Nc6
16.Be3 a6 17.Qf2 Rb8 18.g5 b5 19.f4 b4 20.Ne2 Bd7 21.Rg3 Rfc8 22.Nc1 Nd8
23.Rh3 Qa4 24.Bd3 Bb5 25.b3 Qa5 26.f5 Bxd3 27.Rxd3 exf5 28.exf5 Rc3 29.f6 Bf8
30.Bd4 Rxd3 31.Nxd3 Ne6 32.fxg7 Nxg7 33.Rf3 Ne6 34.Bb2 Rb7 35.Rf5 Qc7 36.Nf4 Nxf4
37.Qxf4 Qc6 38.Qf3 Qxf3 39.Rxf3  1-0

[Event "WYB16"]
[Site "Oropesa del Mar ESP"]
[Date "2001.10.24"]
[Round "4"]
[White "Zhigalko,A"]
[Black "Alekseev,E"]
[Result "1/2-1/2"]
[WhiteElo "2369"]
[BlackElo "2548"]

1.e4 c5 2.Nf3 d6 3.d4 cxd4 4.Nxd4 Nf6 5.Nc3 Nc6 6.Bg5 e6 7.Qd2 a6 8.O-O-O Bd7
9.f3 Rc8 10.Kb1 h6 11.Be3 Na5 12.g4 b5 13.Bd3 Nc4 14.Bxc4 Rxc4 15.h4 g6 16.Nce2 e5
17.Nb3 Qc7 18.Ng3 Be6 19.g5 hxg5 20.hxg5 Rxh1 21.Rxh1 Nd7 22.f4 exf4 23.Bxf4 Ne5
24.Nd4 Bd7 25.Rh8 a5 26.Qh2 Ke7 27.Nge2 Qc5  1/2-1/2

[Event "WYG16"]
[Site "Oropesa del Mar ESP"]
[Date "2001.10.26"]
[Round "6"]
[White "Muhren,B"]
[Black "Ciobanu,C"]
[Result "0-1"]
[WhiteElo "2115"]
[BlackElo "2239"]

1.e4 c5 2.Nf3 Nc6 3.d4 cxd4 4.Nxd4 Nf6 5.Nc3 d6 6.Bg5 Bd7 7.Be2 Rc8 8.O-O Nxd4
9.Qxd4 Qa5 10.Bxf6 gxf6 11.Kh1 Qc5 12.Qd2 b5 13.a3 h5 14.f4 h4 15.Rad1 Bg7
16.Qe1 b4 17.Rd5 Qb6 18.axb4 Qxb4 19.Qa1 h3 20.gxh3 f5 21.e5 Rxh3 22.Kg2 Rh4
23.Kg3 Rh6 24.h3 Bxe5 25.fxe5 Rxc3+ 26.bxc3 Qh4+ 27.Kf3 Qxh3+ 28.Kf2 Qh4+
29.Ke3 Qe4+ 30.Kd2 Qxd5+ 31.Bd3 Rh2+ 32.Kc1 Qxe5 33.Qxa7 Qxc3 34.Rg1 e5 35.Bxf5 Qd2+
36.Kb1 Qb4+ 37.Ka2 Qa4+ 38.Qxa4 Bxa4 39.Kb2 Rf2 40.Bd3  0-1

[Event "Frauen Bundesliga 2001-2"]
[Site "GER"]
[Date "2001.10.28"]
[Round "2"]
[White "Sadkiewicz,J"]
[Black "Madl,I"]
[Result "0-1"]
[WhiteElo "2169"]
[BlackElo "2426"]

1.e4 c5 2.Nf3 d6 3.d4 cxd4 4.Nxd4 Nf6 5.Nc3 Nc6 6.Bg5 e6 7.Qd2 a6 8.O-O-O Be7
9.Bxf6 gxf6 10.f4 Nxd4 11.Qxd4 b5 12.Kb1 Qc7 13.Bd3 Qc5 14.Ne2 Rg8 15.g3 Bb7
16.Rhf1 Qxd4 17.Nxd4 Bd8 18.Rfe1 Ke7 19.c4 Bb6 20.Nc2 bxc4 21.Bxc4 Rac8 22.b3 h5
23.Rd3 h4 24.Re2 Rg7 25.f5 Rg4 26.fxe6 fxe6 27.Red2 Rd8 28.gxh4 Bxe4 29.Rh3 a5
30.Kb2 a4 31.Be2 Rgg8 32.h5 f5 33.h6 f4  0-1